[Event "candidates sf (w)"]
[Site "Vilnius URS"]
[Date "1980.??.??"]
[Round "1.1"]
[White "Litinskaya, Marta"]
[Black "Alexandria, Nana"]
[Result "0-1"]
[WhiteElo "2280"]
[BlackElo "2335"]
[EventDate "1980.09.??"]
[PlyCount "81"]

1.Nf3 d5 2.d4 Nf6 3.c4 c6 4.Nc3 e6 5.cxd5 exd5 6.Qc2 g6 7.Bg5 Be7 8.Bxf6 
Bxf6 9.e3 Bf5 10.Bd3 Bxd3 11.Qxd3 a5 12.O-O Nd7 13.e4 dxe4 14.Qxe4+ Qe7 
15.Qxe7+ Kxe7 16.Rfe1+ Kf8 17.Ne4 Be7 18.Rad1 Kg7 19.d5 cxd5 20.Rxd5 Rhd8 
21.Rb5 b6 22.g3 Rac8 23.Re2 Rc1+ 24.Kg2 Rdc8 25.Rd2 R8c7 26.Rbd5 Nf6 27.
Nxf6 Bxf6 28.Nd4 a4 29.Rd6 R1c4 30.b3 axb3 31.Nxb3 b5 32.Rd7 Rxd7 33.Rxd7 
h5 34.h4 Rc2 35.Rd5 Bc3 36.Rxb5 Be1 37.Re5 Bxf2 38.Kf3 Ba7 39.Ra5 Rf2+ 40.
Ke4 Bb8 41.Nd4 0-1

[Event "candidates sf (w)"]
[Site "Vilnius URS"]
[Date "1980.??.??"]
[Round "1.3"]
[White "Litinskaya, Marta"]
[Black "Alexandria, Nana"]
[Result "0-1"]
[WhiteElo "2280"]
[BlackElo "2335"]
[EventDate "1980.09.??"]
[PlyCount "82"]

1.Nf3 d5 2.d4 Nf6 3.c4 c6 4.Nc3 e6 5.cxd5 exd5 6.Qc2 g6 7.Bg5 Be7 8.Bxf6 
Bxf6 9.e3 Bf5 10.Bd3 Bxd3 11.Qxd3 Be7 12.O-O Nd7 13.Rab1 a5 14.e4 dxe4 15.
Qxe4 O-O 16.d5 Nf6 17.Qe2 Nxd5 18.Nxd5 cxd5 19.Qb5 b6 20.Rbd1 Bc5 21.Rd2 
Qd6 22.Rfd1 Rad8 23.a3 Qf4 24.Qb3 Rfe8 25.g3 Qf6 26.Kg2 d4 27.Qb5 Re4 28.
Qc4 Qe7 29.Qb5 Qb7 30.h4 Rd5 31.Kg1 Rf5 32.Qd3 Re3 33.fxe3 Rxf3 34.Rg2 
Rxe3 35.Qd2 Qe7 36.Kh2 a4 37.Rf1 d3 38.Qd1 Bd6 39.Rf3 Qxh4+ 40.Kg1 Qg4 41.
Rf1 Qd4 0-1

[Event "candidates sf (w)"]
[Site "Vilnius URS"]
[Date "1980.??.??"]
[Round "1.6"]
[White "Alexandria, Nana"]
[Black "Litinskaya, Marta"]
[Result "0-1"]
[WhiteElo "2335"]
[BlackElo "2280"]
[EventDate "1980.09.??"]
[PlyCount "144"]

1.e4 e5 2.Nf3 Nc6 3.c3 Nf6 4.d4 Nxe4 5.d5 Nb8 6.Bd3 Nf6 7.Nxe5 d6 8.Bb5+ 
Nbd7 9.Nf3 Be7 10.O-O O-O 11.Re1 Ne5 12.h3 Nxf3+ 13.Qxf3 Nd7 14.Bf4 Bg5 
15.Bg3 Nb6 16.Na3 Qf6 17.Be2 Bd7 18.Rab1 Rfe8 19.c4 Na4 20.Nb5 Qxf3 21.
Bxf3 Rxe1+ 22.Rxe1 Bxb5 23.cxb5 Nxb2 24.h4 Bf6 25.Rc1 Bd8 26.Re1 Kf8 27.
Be4 h6 28.f3 Na4 29.h5 a6 30.bxa6 Rxa6 31.Rb1 Nc5 32.Bf2 Nxe4 33.fxe4 b6 
34.Rb2 Ra4 35.Re2 Ke8 36.g4 Kd7 37.Kg2 Bf6 38.Kf3 Ra3+ 39.Kg2 Be5 40.Be3 
b5 41.Kf2 Rc3 42.Re1 c5 43.dxc6+ Kxc6 44.Kf3 g5 45.hxg6 fxg6 46.Rh1 g5 47.
Ke2 Rc2+ 48.Kd3 Rxa2 49.Rxh6 Ra3+ 50.Kd2 b4 51.Bxg5 b3 52.Rh1 b2 53.Kc2 
Rg3 54.Bd2 Rxg4 55.Re1 Rg2 56.Kd3 Kb5 57.Rd1 Ka4 58.Kc4 Ka3 59.Bb4+ Ka2 
60.Bxd6 Rc2+ 61.Kd5 Bc3 62.Bf4 b1=Q 63.Rxb1 Kxb1 64.e5 Rf2 65.Bg3 Rf3 66.
Bh2 Kc2 67.e6 Bb4 68.Be5 Re3 69.Bd4 Re2 70.Bf6 Kb3 71.Bg5 Ka4 72.Bf6 Kb5 
0-1

[Event "candidates sf (w)"]
[Site "Vilnius URS"]
[Date "1980.??.??"]
[Round "1.8"]
[White "Alexandria, Nana"]
[Black "Litinskaya, Marta"]
[Result "1/2-1/2"]
[WhiteElo "2335"]
[BlackElo "2280"]
[EventDate "1980.09.??"]
[PlyCount "125"]

1.e4 e5 2.Nf3 Nc6 3.Bc4 Be7 4.d3 Nf6 5.Bb3 d6 6.c3 O-O 7.O-O Na5 8.Bc2 c5 
9.Re1 Nc6 10.Nbd2 Re8 11.h3 Bf8 12.a3 h6 13.Bb3 Be6 14.Bxe6 Rxe6 15.c4 Ne8
16.Nf1 Be7 17.Ng3 Bg5 18.Nxg5 hxg5 19.Nf5 Nc7 20.Re3 Rg6 21.h4 Nd4 22.h5 
Nxf5 23.hxg6 Nxe3 24.gxf7+ Kxf7 25.Bxe3 Ne6 26.Qh5+ Kg8 27.g3 Qf6 28.Kg2 
Rf8 29.Rh1 Nd4 30.Qh7+ Kf7 31.Qh5+ Kg8 32.Qh7+ Kf7 33.Rh3 Nc2 34.Qh5+ Kg8 
35.Qh7+ Kf7 36.Qh5+ Kg8 37.Qxg5 Qf3+ 38.Kg1 Nxe3 39.Qxe3 Qxe3 40.fxe3 Rf3 
41.Rh2 Rxe3 42.Rd2 Rxg3+ 43.Kf2 Rg4 44.b4 Rf4+ 45.Kg2 Rf7 46.Rb2 cxb4 47.
axb4 b5 48.cxb5 Rb7 49.Ra2 Rxb5 50.Rxa7 Rxb4 51.Kf3 Rd4 52.Ra3 Kf7 53.Kg4 
Kf6 54.Rb3 Ra4 55.Rb1 Ra3 56.Rf1+ Ke6 57.Rf3 d5 58.exd5+ Kxd5 59.Re3 Ra4+ 
60.Kf5 Rf4+ 61.Kg6 Kd4 62.Rg3 Rf1 63.Kxg7 1/2-1/2

[Event "candidates sf (w)"]
[Site "Vilnius URS"]
[Date "1980.??.??"]
[Round "1.9"]
[White "Litinskaya, Marta"]
[Black "Alexandria, Nana"]
[Result "1/2-1/2"]
[WhiteElo "2280"]
[BlackElo "2335"]
[EventDate "1980.09.??"]
[PlyCount "223"]

1.Nf3 d5 2.d4 Nf6 3.c4 c6 4.Nc3 e6 5.cxd5 exd5 6.Qc2 g6 7.Bg5 Be7 8.Bxf6 
Bxf6 9.e3 Bf5 10.Bd3 Bxd3 11.Qxd3 Qe7 12.O-O O-O 13.a3 a5 14.Rab1 Rc8 15.
Rfd1 Bg7 16.b4 Nd7 17.Ne2 Bf8 18.Qb3 Rcb8 19.Nf4 Nb6 20.Nd2 Nc8 21.Nd3 Nd6
22.a4 axb4 23.Nxb4 Re8 24.Nd3 Reb8 25.Qc2 Qd8 26.Nc5 Ra7 27.Rb3 Nc8 28.
Rdb1 b6 29.Nd3 Qd6 30.Rc3 Ne7 31.g3 Bg7 32.Nf3 Rbb7 33.Kg2 Qb8 34.Rcb3 Qd8
35.Nc5 Rb8 36.Rb4 Nc8 37.Nd3 Qd6 38.R4b3 f6 39.Rc3 Ne7 40.Nd2 Bf8 41.Nf3 
Bg7 42.Rcb3 Nc8 43.h4 Qd7 44.Nc5 Qf5 45.Qxf5 gxf5 46.h5 Rba8 47.Nd3 Rxa4 
48.Nh4 Bf8 49.Nxf5 Ra3 50.Nf4 Rxb3 51.Rxb3 Ra3 52.Rb2 Kf7 53.Kf3 b5 54.Rc2
Na7 55.Ke2 b4 56.Nd3 b3 57.Rb2 Nb5 58.Kf3 Nc3 59.Nc1 Ne4 60.Kg2 c5 61.dxc5
Nxc5 62.Nd4 Ra4 63.Ncxb3 Rb4 64.Rb1 Nxb3 65.Rxb3 Rxb3 66.Nxb3 f5 67.Kf3 
Kf6 68.Nd4 Bc5 69.Nb5 Bf8 70.Ke2 Kg5 71.Nc7 Kxh5 72.Nxd5 Bd6 73.Kf3 Kg5 
74.Kg2 Ba3 75.Kh3 h5 76.Nf4 Bd6 77.Ne6+ Kg6 78.Nf4+ Kg5 79.Ne6+ Kg6 80.Nd4
Ba3 81.Nf3 Bc5 82.Ne5+ Kg5 83.Nf3+ Kg6 84.Kg2 Kf6 85.Kf1 Ke6 86.Ke2 Bb6 
87.Kd3 Kd5 88.Ng1 Bd8 89.Nf3 Bb6 90.Ke2 Ke6 91.Ng5+ Kf6 92.Nh3 Ba7 93.Kd3 
Bb6 94.Kc4 Ke5 95.Ng5 Ba7 96.Kc3 Bc5 97.Kd2 Ba7 98.Nf3+ Ke4 99.Ke2 Kd5 
100.Ne1 Ke5 101.Kd2 Ke6 102.Kd3 Bb6 103.Nc2 Kf6 104.f4 Ba5 105.Kd4 Ke6 
106.Kc4 Bd2 107.Kd3 Ba5 108.e4 fxe4+ 109.Kxe4 Kf6 110.Ne3 Be1 111.Kf3 Bd2 
112.Nf1 1/2-1/2

[Event "candidates sf (w)"]
[Site "Vilnius URS"]
[Date "1980.??.??"]
[Round "1.11"]
[White "Alexandria, Nana"]
[Black "Litinskaya, Marta"]
[Result "1-0"]
[WhiteElo "2335"]
[BlackElo "2280"]
[EventDate "1980.09.??"]
[PlyCount "137"]

1.d4 Nf6 2.c4 e6 3.Nf3 c5 4.g3 cxd4 5.Nxd4 Bb4+ 6.Bd2 Qb6 7.Bxb4 Qxb4+ 8.
Nc3 Qxb2 9.Ndb5 Qb4 10.Nc7+ Kd8 11.Qd2 Ne4 12.Nxe6+ fxe6 13.Nxe4 Qxd2+ 14.
Nxd2 Kc7 15.Bg2 Nc6 16.O-O b6 17.Ne4 Ba6 18.Rac1 Raf8 19.Rfd1 Rf5 20.Rd2 
Ra5 21.c5 h6 22.h4 Rf8 23.f4 Ra4 24.Rcd1 Nb8 25.Bf3 Rc4 26.cxb6+ axb6 27.
Nd6 Rc5 28.h5 Ra5 29.Be4 Rxh5 30.Ne8+ Kc8 31.Bg6 Rc5 32.e4 Kb7 33.e5 Ka7 
34.Rxd7+ Nxd7 35.Rxd7+ Kb8 36.Rd6 Bc4 37.Rxb6+ Ka7 38.Rd6 Rb5 39.Rd7+ Kb8 
40.Rxg7 Bxa2 41.Nd6 Rb2 42.Be4 h5 43.Bc6 Rh8 44.Nb5 Rxb5 45.Bxb5 Bd5 46.
Bd7 h4 47.g4 Rf8 48.f5 exf5 49.gxf5 Kc7 50.f6 Kb6 51.Kh2 Kc5 52.Kh3 Kd4 
53.Re7 Ke4 54.Kxh4 Kf4 55.Kh5 Rh8+ 56.Kg6 Rg8+ 57.Kh7 Rg1 58.e6 Kf5 59.f7 
Rh1+ 60.Kg7 Rg1+ 61.Kf8 Ra1 62.Kg7 Rg1+ 63.Kf8 Ra1 64.Bc8 Rc1 65.Re8 Kf6 
66.Rd8 Rh1 67.Ke8 Bc6+ 68.Bd7 Bxd7+ 69.Rxd7 1-0

[Event "candidates sf (w)"]
[Site "Vilnius URS"]
[Date "1980.??.??"]
[Round "1.12"]
[White "Litinskaya, Marta"]
[Black "Alexandria, Nana"]
[Result "0-1"]
[WhiteElo "2280"]
[BlackElo "2335"]
[EventDate "1980.09.??"]
[PlyCount "76"]

1.d4 Nf6 2.c4 e6 3.Nf3 b6 4.g3 Ba6 5.Nbd2 Bb4 6.Qc2 Bb7 7.Bg2 Be4 8.Qd1 
Bxd2+ 9.Bxd2 O-O 10.O-O d6 11.Rc1 Nbd7 12.Qa4 c5 13.Qa3 Qc7 14.Rfd1 h6 15.
Ne1 Bxg2 16.Nxg2 Nb8 17.dxc5 bxc5 18.Qf3 Nc6 19.Bc3 Ne5 20.Qf4 Rfd8 21.h3 
a5 22.Rc2 Ng6 23.Qf3 Ne5 24.Qf4 Ng6 25.Qe3 Ne5 26.Bxe5 dxe5 27.Rxd8+ Rxd8 
28.Rd2 Rd4 29.Rc2 Nd7 30.Kh2 e4 31.Qb3 Ne5 32.Qb5 Kh7 33.Ne3 f5 34.Ng2 Ng6
35.Qe8 Qd6 36.Qb5 f4 37.e3 fxg3+ 38.fxg3 Ne5 0-1